XXXTENTACION - Top 25 najczęściej odtwarzanych piosenek - Statystyki

Ogólne statystyki
  • Ten quiz został rozwiązany 76 razy
  • Średni wynik to 11 z 25
Statystyki odpowiedzi
Hint Odpowiedź % Poprawnych
? SAD!
92%
17 Fuck Love
81%
17 Revenge
81%
? Moonlight
79%
? Hope
75%
SKINS BAD!
73%
17 Jocelyn Flores
69%
Revenge Look At Me!
67%
? changes
46%
17 Everybody Dies In Their Nightmares
42%
? NUMB
42%
Bad Vibes Forever bad vibes forever
38%
Revenge RIP Roach
35%
17 Carry On
33%
? the remedy for a broken heart (why am i so in love)
31%
17 Depression & Obsession
29%
Bad Vibes Forever Ex Bitch
29%
17 Save Me
29%
Revenge I Don't Wanna Do This Anymore
27%
Revenge YuNg BrAtZ
27%
Singiel Riot
25%
SKINS whoa (mind in awe)
23%
? before I close my eyes
19%
? infinity (888)
19%
Singiel Arms Around You
4%
Nie znaleziono quizów pasujących do podanych kryteriów
Rozkład punktacji
Procent ludzi z każdym wynikiem
Percentyl według liczby udzielonych odpowiedzi
Twoja historia wyników
Nie rozwiązałeś tego quizu